000 00808cas a22002657a 4500
005 20220329142321.0
008 000619d uk mr pernn 0 b1eng d
010 _a81599
011 _a82571
035 _a93070
245 0 4 _aThe Consulting Engineer
260 0 _aLondon,England :
_bPrinces Press
_c194?-
300 _av.
310 _aMensual
362 _av.25 n.12, 1964
500 _aSe dejó de recibir a partir del v.25 n.12,1964.
590 _aBATCH-UPD
_b10
_c20130110
_lUCH01
_h0406
590 _aBATCH-UPD
_b10
_c20130410
_lUCH01
_h0040
590 _aBATCH-UPD
_b10
_c20130914
_lUCH01
_h1639
590 _aCONVERSION
_b10
_c20130109
_lUCH01
_h1345
650 1 4 _aIngeniería
_xPublicaciones periódicas.
_958192
866 _av.25 n.1-12 (1964)
901 _aSE
905 _aLilia Sánchez G.
999 _c81599
_d81599